Guess The Asian City - With Pictures - Statistics

General Stats
  • This quiz has been taken 589 times
  • The average score is 17 of 54
Answer Stats
Picture Answer % Correct
Tokyo
91%
Dubai
87%
Kuala Lumpur
83%
Singapore
83%
Jerusalem
71%
Mecca
70%
Shanghai
69%
Bangkok
63%
Agra
62%
Osaka
62%
Taipei
55%
Hong Kong
54%
Abu Dhabi
53%
Pyongyang
51%
Ankara
49%
Beijing
46%
Mumbai
43%
Astana
42%
Doha
41%
Riyadh
37%
Delhi
33%
Baku
31%
Yangon
31%
Hanoi
29%
Seoul
28%
Muscat
27%
Tehran
26%
Guangzhou
24%
Tashkent
22%
Kathmandu
21%
Naypyidaw
20%
Tbilisi
20%
Nagoya
18%
Amman
17%
Jakarta
17%
Phnom Penh
16%
Ho Chi Minh
13%
Kolkata
13%
Lahore
13%
Beirut
11%
Yakutsk
10%
Busan
9%
Damascus
9%
Baghdad
8%
Bishkek
8%
Ulaanbaatar
8%
Vladivostok
8%
Kabul
7%
Adana
6%
Manila
6%
Hangzhou
4%
Krasnoyarsk
4%
Nicosia
4%
Fukuoka
3%
No matching quizzes found
Score Distribution
Percent of People with Each Score
Percentile by Number Answered
Your Score History
You have not taken this quiz